Score 0/24 Timer 03:00
0 Plays Today
4-Letter Word Clue % Correct
✩ Help me Obi-Wan Kenobi, you're my only _____. ✩HOPE
97.7%
✩ If you see our son, bring him _____. ✩HOME
97.3%
FinishedDONE
92.6%
✩ I _____ know where you get your delusions from, laser-brain. ✩DON'T
91.4%
A fee paid to cross a bridgeTOLL
90.7%
Shape of R2D2's topDOME
90.5%
✩ Han _____ me about the girl. I'm sorry. ✩TOLD
89.6%
Strike of lightningBOLT
88.6%
✩ Darth Vader. Only you could be so _____. ✩BOLD
87.8%
A large group of animalsHERD
86.7%
✩ Someone has to _____ our skins! ✩SAVE
86.3%
To join together metal pieces by heatingWELD
86.2%
4-Letter Word Clue % Correct
✩ _____, I guess you don't know everything about women yet. ✩WELL
85.9%
A money drawer in a store or bankTILL
85.8%
✩ _____ someone get this big walking carpet out of my way? ✩WILL
85.7%
Stupid personDOLT
85.2%
✩ Captain, being _____ by you isn't quite enough to get me excited. ✩HELD
84%
A single-minded expert in a particular field (a computer ____)NERD
84%
✩ This is ____ rescue! ✩SOME
81.2%
✩ _____ jacket. Han: No, new jacket. ✩SAME
79.8%
To move toward something or someoneCOME
78.6%
✩ You _____ in that thing? You're braver than I thought. ✩CAME
77.2%
✩ The _____ is collapsing. Han: That's no ____. ✩CAVE
75.3%
✩ Why, you stuck up, half-witted, scruffy-looking ____-herder! ✩NERF
55.2%

Today's Daily Dose

Remove Ads.
Support Sporcle.
Get the best of Sporcle when you Go Orange. This ad-free experience offers more features, more stats, and more fun while also helping to support Sporcle. Thank you for becoming a member.

You're not logged in!

Compare scores with friends on all Sporcle quizzes.
OR
Log In

Show Comments

Extras

Top Quizzes Today


Score Distribution

Your Account Isn't Verified!

In order to create a playlist on Sporcle, you need to verify the email address you used during registration. Go to your Sporcle Settings to finish the process.

Report this User

Report this user for behavior that violates our Community Guidelines.

Details: